Encuesta demográfica nacional de Panamá años 1975-1976. Capítulo II: fecundidad
Đã lưu trong:
| Tác giả của công ty: | |
|---|---|
| Định dạng: | Texto |
| Được phát hành: |
Panamá:
La Dirección
|
| Các nhãn: |
Thêm thẻ
Không có thẻ, Là người đầu tiên thẻ bản ghi này!
|
MARC
| LEADER | 00000 a a2200000 04500 | ||
|---|---|---|---|
| 001 | 15753 | ||
| 003 | |||
| 040 | |a CRAI/IIS |c CRAI/IIS | ||
| 090 | |a EXTRAVIADO | ||
| 110 | |a Panamá. Direción de Estadística y Censo | ||
| 245 | |a Encuesta demográfica nacional de Panamá años 1975-1976. Capítulo II: fecundidad | ||
| 260 | |a Panamá: |b La Dirección | ||
| 300 | |a 8; 72 p. | ||
| 999 | |c 14360 |d 14360 | ||
